बरगद काट दो / (Record no. 203013)

MARC details
000 -LEADER
fixed length control field 00766nam a22002057a 4500
005 - DATE AND TIME OF LATEST TRANSACTION
control field 20240520125353.0
010 ## - LCCN (DPL NO)
LC control number HIN-127647
020 ## - INTERNATIONAL STANDARD BOOK NUMBER
Terms of availability 400.00
International Standard Book Number 9789390923649
035 ## - SYSTEM CONTROL NUMBER
System control number HN-99994
037 ## - SOURCE OF ACQUISITION
Source of stock number/acquisition DBAD/PUB
082 ## - DEWEY DECIMAL CLASSIFICATION NUMBER
Classification number
100 ## - MAIN ENTRY--PERSONAL NAME
Personal name वर्मा ,के.पी.एस
245 ## - TITLE STATEMENT
Title बरगद काट दो /
Statement of responsibility, etc के.पी,एस. वर्मा
250 ## - EDITION STATEMENT
Edition statement 1
260 ## - PUBLICATION, DISTRIBUTION, ETC. (IMPRINT)
Place of publication, distribution, etc नई दिल्ली
Name of publisher, distributor, etc प्रभात प्रकाशन
Date of publication, distribution, etc 2021
270 ## - ADDRESS
Address आसफ अली रोड
City नई दिल्ली
Postal code 110002
Electronic mail address prabhatbooks@gmail.com
300 ## - PHYSICAL DESCRIPTION
Extent 184p.;
Dimensions 22 सेमी (सजिल्द)
700 ## - ADDED ENTRY--PERSONAL NAME
Personal name वर्मा, के.पी.एस.
9 (RLIN) 66429
942 ## - ADDED ENTRY ELEMENTS (KOHA)
Source of classification or shelving scheme Dewey Decimal Classification
Item type Hindi Books
Classification part
Call number suffix वर्माके
Holdings
Withdrawn status Lost status Not for loan Collection code Home library Current library Date acquired Source of acquisition Cost, normal purchase price Full call number Barcode Copy number Cost, replacement price Koha item type
      Fiction Ashok Vihar Ashok Vihar 20/05/2024 DBAD 400.00 क वर्माके HN-99993 1 400.00 Hindi Books

© Delhi Public Library
Hit Counter
free hit counter